Voces de infancia : poesía argentina para los chicos /

Guardado en:
Autor Principal: Serrano, María de los ángeles
Otros Autores: Arroyo, Eleonora; il.
Formato: Libro
Publicado: Buenos Aires : Colihue, 2013
Series:Los libros de Boris
Materias:
Etiquetas: Agregar Etiqueta
Sin Etiquetas, Sea el primero en etiquetar este registro!
LEADER 02572nam a22004815a 4500
001 CEM.cems015383
008 130507s2013##################000#0#####d
005 20230410125118.0
245 1 0 |a Voces de infancia :  |b poesía argentina para los chicos /  |c Compilado Por María de Los ángeles Serrano ; ilustrado Por Eleonora Arroyo 
260 |a Buenos Aires :  |b Colihue,  |c 2013 
300 |a 176 p. 
490 0 |a Los libros de Boris 
505 0 |a Cuento y juego -- Del mundo de la infancia -- Árboles, pájaros y otros amigos -- Campo, pueblo, ciudad --Para llamar al sueño -- Navidad -- Despedida 
020 |a 9789876849876 
100 1 |a Serrano, María de los ángeles 
700 1 |a Arroyo, Eleonora; il. 
082 0 4 |a A861.4 
653 |a Literatura 
653 |a Literatura argentina 
653 |a Literatura infantil 
653 |a Poesía 
653 |a Poesía infantil 
653 |a Colección ciencias de la educación 
859 |a CEMS  |b BIB. CEMS - Inicial y Primaria  |h A861.4  |i V851  |k IP  |p 4367 
859 |a CEMS  |b BIB. CEMS - Inicial y Primaria  |h A861.4  |i V851  |k IP  |p 4350  |t Ej.1 
859 |a CEMS  |b BIB. CEMS - Ccias. Educacion  |h A861.4  |i Se683  |k CE  |p 28761.19  |t Ej.1 
859 |a CEMS  |b BIB. CEMS - Inicial y Primaria  |h A861.4  |i V851  |k IP  |p 4351  |t Ej.2 
859 |a CEMS  |b BIB. CEMS - Ccias. Educacion  |h A861.4  |i Se683  |k CE  |p 28762.19  |t Ej.2 
859 |a CEMS  |b BIB. CEMS - Inicial y Primaria  |h A861.4  |i V851  |k IP  |p 4352  |t Ej.3 
859 |a CEMS  |b BIB. CEMS - Inicial y Primaria  |h A861.4  |i V851  |k IP  |p 4353  |t Ej.4 
859 |a CEMS  |b BIB. CEMS - Inicial y Primaria  |h A861.4  |i V851  |k IP  |p 4355  |t Ej.6 
859 |a CEMS  |b BIB. CEMS - Inicial y Primaria  |h A861.4  |i V851  |k IP  |p 4356  |t Ej.7 
859 |a CEMS  |b BIB. CEMS - Inicial y Primaria  |h A861.4  |i V851  |k IP  |p 4357  |t Ej.8 
859 |a CEMS  |b BIB. CEMS - Inicial y Primaria  |h A861.4  |i V851  |k IP  |p 4358  |t Ej.9 
859 |a CEMS  |b BIB. CEMS - Inicial y Primaria  |h A861.4  |i V851  |k IP  |p 4359  |t Ej.10 
859 |a CEMS  |b BIB. CEMS - Inicial y Primaria  |h A861.4  |i V851  |k IP  |p 4360  |t Ej.11 
859 |a CEMS  |b BIB. CEMS - Inicial y Primaria  |h A861.4  |i V851  |k IP  |p 4361  |t Ej.12 
859 |a CEMS  |b BIB. CEMS - Agricultura  |h A861.4  |i V851  |k IP  |p 4363  |t Ej.14 
859 |a CEMS  |b BIB. CEMS - Inicial y Primaria  |h A861.4  |i V851  |k IP  |p 4364  |t Ej.15 
859 |a CEMS  |b BIB. CEMS - Inicial y Primaria  |h A861.4  |i V851  |k IP  |p 4365  |t Ej.16 
859 |a CEMS  |b BIB. CEMS - Inicial y Primaria  |h A861.4  |i V851  |k IP  |p 4366  |t Ej.17 
859 |a CEMS  |b BIB. CEMS - Inicial y Primaria  |h A861.4  |i V851  |k IP  |p 4369  |t Ej.20 
859 |a CEMS  |b BIB. CEMS - Inicial y Primaria  |h A861.4  |i V851  |k IP  |p 3860  |t Ej.21